Normal view
MARC view
- Col (R) Marwat Khan
Entry Personal Name
001 - CONTROL NUMBER
- control field: 47933
003 - CONTROL NUMBER IDENTIFIER
- control field: NUST
005 - DATE AND TIME OF LATEST TRANSACTION
- control field: 20210314133932.0
008 - FIXED-LENGTH DATA ELEMENTS
- fixed length control field: 210314|| aca||aabn | a|a d
040 ## - CATALOGING SOURCE
- Original cataloging agency: NUST
- Transcribing agency: NUST
100 ## - HEADING--PERSONAL NAME
- Personal name: Col (R) Marwat Khan
670 ## - SOURCE DATA FOUND
- Source citation: Work cat.: (NUST): CSUO Mohsin Hassan 47932, Strength & cost comparison of ferprocement door and window shutters with that of wood and steel, 2006
